| 000 | 01936nab a2200265 a 4500 | ||
|---|---|---|---|
| 005 | 20250110093931.0 | ||
| 008 | 991125c2016 cl fr p o 000 0 spa d | ||
| 035 | _aUPN01000214864 | ||
| 040 |
_aUPN _bspa _cUPN _eaacr2 |
||
| 049 | _aART-E | ||
| 100 | 1 |
_aFalabella, Alejandra _6- afalabel@uahurtado.cl |
|
| 245 | 1 | 0 | _a¿Qué aseguran las políticas de aseguramiento de la calidad?: un estudio de casos en distintos contextos escolares |
| 506 | 0 | _aAcceso abierto | |
| 520 | 3 | _aA pesar de la relevancia de las políticas de aseguramiento de la calidad, también conocidas como políticas de “rendición de cuentas por resultados”, existe escasa evidencia empírica al respecto. En este artículo se presentan resultados de un estudio de casos en ocho establecimientos escolares, situados en distintos contextos socioeducativos. Los hallazgos identifican cuatro tipos de respuestas institucionales frente a las políticas en cuestión. El contraste entre los casos evidencia que las prácticas escolares se configuran en un campo desigual, y las políticas legitiman y acrecientan estas diferencias, en vez de disminuirlas. Aunque las medidas fomentan una mayor estructuración y control sobre el trabajo escolar, “orientado a metas”, en ninguno de los casos se evidencia, a propósito de la política, el desarrollo de capacidades profesionales a largo plazo. Particularmente, se constatan efectos perjudiciales en establecimientos con bajo desempeño, situados en contexto de marginalidad urbana | |
| 653 | 0 | _aPolítica educativa | |
| 653 | 0 | _aSistema de aseguramiento de la calidad | |
| 653 | 0 | _aRendición de cuentas | |
| 653 | 0 | _aMercado educativo | |
| 653 | 0 | _aChile (país) | |
| 773 |
_gVol. 42, no. 1 (2016), p. 107-126 _tEstudios pedagógicos _x1695-324X |
||
| 856 | 4 | _uhttp://revistas.uach.cl/index.php/estped/article/view/1853 | |
| 902 | _aGloria Jiménez/100125 | ||
| 905 | _aArticulo | ||
| 942 | _cART-E | ||
| 999 |
_c186964 _d186964 |
||